000 00426cam a22001097a 4500
008 180718b1988 xxu||||| |||| 00| 0 eng d
082 _aB71103x5451 An24/1986-88
100 _aAndhra Pradesh. Law Department
245 _aThe Andhra Pradesh Mandala Praja Parishads and Zill Abhivrudhi Sameeksha Mandals Act, 1986 (Act No. 31 of 1986) (As amended upto 5th January 1988)
260 _aHyderabad
_bThe author
_c1988
300 _a62+p.
999 _c488539
_d488539